|
|
|
|
| LEADER |
00000ny a22000003n 4500 |
| 005 |
20110608123843.0 |
| 008 |
050217s2005 sp 000 0 spa d |
| 020 |
|
|
|a 9788495748584
|
| 035 |
|
|
|a 2581
|
| 040 |
|
|
|a BUS
|d vLex
|
| 090 |
|
|
|c 581
|d 581
|
| 100 |
1 |
|
|a Garca̕ Gil, F. Javier
|
| 245 |
1 |
3 |
|a El local de negocio arrendado
|h [Recurso electrn̤ico]
|b comentarios, legislacin̤, jurisprudencia, supuestos prc̀ticos, formularios /
|c F. Javier Garca̕ Gil
|
| 256 |
|
|
|a Servicio en ln̕ea
|
| 260 |
|
|
|a Madrid :
|b Dijusa,
|c 2005
|
| 300 |
|
|
|a 735 p. ;
|c 25 cm
|
| 506 |
1 |
|
|a Contenido solo disponible en los productos indicados
|d vLex Global
|d vLex Global (Academic Edition, excluding Law Schools)
|d vLex Global (U.S. Academic Edition, Law Schools)
|d vLex Global (U.S. Academic Edition, excluding Law Schools)
|d vLex Global (Academic Edition, Law Schools)
|
| 520 |
|
|
|a Indice: I.-Arrendamientos sujetos a la Ley 29/1994, de 24 de noviembre; II.-Arrendamientos sujetos a la Ley de 24-12-1964; III.-Aspectos procesales del arrendamiento de local de negocio; IV.-Aspectos fiscales del arrendamiento de local de negocio
|
| 650 |
0 |
7 |
|a Contrato de arrendamiento
|2 Tesauro vLex
|
| 650 |
0 |
7 |
|a Civil
|2 Tesauro vLex
|
| 650 |
0 |
7 |
|a Arrendamientos
|2 Tesauro vLex
|
| 650 |
0 |
7 |
|a Arrendamiento de locales de negocio
|2 Tesauro vLex
|
| 650 |
0 |
7 |
|a Arrendamientos urbanos
|2 Tesauro vLex
|
| 740 |
0 |
|
|a vLex Libros (Servicios en ln̕ea)
|
| 856 |
4 |
0 |
|u http://vlex.com/source/2581
|z Acceso restringido
|
| 942 |
|
|
|c BOOK
|
| 999 |
0 |
|
|a Civil Law
|b Madrid
|